000 00604nam a2200217 4500
003 OSt
005 20240715024215.0
006 a
008 240715b |||||||| |||| 00| 0 eng d
020 _a9715046061
040 _aDWCL-HMN lib.
_cOC
082 _aFil. 174.2 D293e 1997
100 _aDunn, H. P.
245 _aEthics for doctors, nurses and patients /
260 _aManila :
_bSt. Pauls,
_cc1997.
300 _axii,
_b158 p. ;
_c20 cm.
504 _aIncludes bibliographical references and index.
650 _a1. Ethics.
650 _a2. Medical ethics.
942 _2ddc
_n0
_cBK - FIL
_kFil.
999 _c2161
_d2161